| 000 | 00784nas a2200277 4500 | ||
|---|---|---|---|
| 001 | BR0303765 | ||
| 003 | BR-BrBNA | ||
| 005 | 20231205103959.0 | ||
| 007 | ta | ||
| 008 | 230509b bl.|||p| |||| 00| 00por d | ||
| 040 |
_aBR-BrBNA _bpor _cBiblioteca Nacional de Agricultura |
||
| 041 | _a(Pt) | ||
| 072 | _aL73; L50; L70 | ||
| 100 | 1 | _aPeiró, J.R. | |
| 100 | 1 | _aValadão, C.A.A. | |
| 245 | 1 | _aEndotoxemia em eqüinos | |
| 650 | _aEQÜINO | ||
| 650 | _aMORTALIDADE ANIMAL | ||
| 650 | _aCOMPOSIÇÃO QUÍMICA | ||
| 650 | _aPROTEÍNA | ||
| 650 | _aPOLISSACARÍDEO | ||
| 650 | _aVETERINÁRIA | ||
| 773 | 0 |
_tRevista de Educação Continuada (Brazil) _xISSN 1516-3326 _g(2002), v. 5(1) p. 48-58 _wBR0303765 |
|
| 909 |
_a202311 _bLúcia _c55 _dLúcia Elande |
||
| 942 |
_2AGRIS _n0 _cANA |
||
| 999 |
_c175776 _d175776 |
||